[Event "HUN-chT 9394"]
[Site "Hungary"]
[Date "1994.??.??"]
[Round "?"]
[White "Portisch, Gabor"]
[Black "Honos, Attila"]
[Result "1-0"]
[WhiteElo "2290"]
[BlackElo "2300"]
[PlyCount "80"]
[EventDate "1993.??.??"]
[EventType "team"]
[EventRounds "13"]
[EventCountry "HUN"]
[SourceTitle "TD"]
[Source "ChessBase"]
[SourceDate "1994.03.01"]
[SourceVersion "1"]
[SourceVersionDate "1994.03.01"]
[SourceQuality "1"]

1. d4 c5 2. dxc5 Na6 3. Nc3 Nxc5 4. b4 Na6 5. a3 g6 6. Bb2 Bg7 7. e4 Nc7 8. Qf3 d6 9. Bc4 Nh6 10. Nge2 0-0 11. h3 Be6 12. Bxe6 Nxe6 13. g4 Rc8 14. Rg1 f6 15. Qd3 Nf7 16. f4 Kh8 17. Nd5 Nc7 18. Nd4 Qd7 19. Nxc7 Rxc7 20. Nb5 Rc6 21. Nxa7 Rb6 22. c4 Qa4 23. Nb5 e6 24. Nd4 d5 25. exd5 exd5 26. c5 Ra6 27. Kf2 Ne5 28. fxe5 fxe5+ 29. Kg2 exd4 30. Bxd4 Re6 31. Rae1 Re4 32. Bxg7+ Kxg7 33. Rgf1 Qc6 34. Rxe4 dxe4 35. Qd4+ Kg8 36. Rxf8+ Kxf8 37. Qd6+ Qxd6 38. cxd6 Kf7 39. Kf2 Ke6 40. Ke3 b5 1-0